000 00618nam a2200205Ia 4500
001 3221
003 GE_BSU
008 181216s||||||||xx |||||||||||||| ||und||
040 _cGE_BSU
080 _a550+553.98(035)
245 _aГеология нефти. Том 2. книга 2.Нефтяные месторождения зарубежных стран.
245 _bСправочник.
245 _cПод.ред. И.В.Высоцкого.
260 _aМ.
260 _bНедра.
260 _c1968.
300 _a351 стр.с илл.27см.
653 _aГеология нефти.
942 _cBK
999 _c37262
_d37262